Films de Pedro Almodóvar par images - Statistiques

Statistiques générales
  • Ce quiz a été pris 228 fois
  • Le résultat moyen est 5 sur 12
Statistiques - réponses
Par images Réponse % Correct
Volver
79%
La piel que habito
74%
Tout sur ma mère
64%
Talons aiguilles
58%
Femmes au bord de la crise de nerfs
46%
Parle avec elle
43%
Douleur et Gloire
31%
La Mauvaise Éducation
31%
Attache-moi !
30%
Les Amants passagers
25%
Julieta
24%
Étreintes brisées
18%
Aucun quiz correspondant
Distribution des résultats
% des personnes avec chaque résultat
Percentile par nombre de réponses
Votre historique - résultats
Vous n’avez pas pris ce quiz